Pokémon de A à Z. - Statistiques

Statistiques générales
  • Ce quiz a été pris 67 fois
  • Le résultat moyen est 18 sur 26
Statistiques - réponses
Lettre Indice Réponse % Correct
D Une des versions de la 4e génération. Diamant
93%
A Forme finale du Pokémon de départ de type eau de la deuxième génération. Aligatueur
91%
G Forme d'évoli de type glace. Givrali
90%
N Les attaques de ce type ne sont super efficace face à aucun autre type. Normal
90%
M Pokémon doué de la parole dans le dessin animé. Miaouss
88%
S Pokéball qui fonctionne mieux la nuit ou dans les grottes. Sombre Ball
86%
L Poké-Monture utile pour naviguer sur l'eau. Lokhlass
84%
I Ancienne championne d'arène devenue maître Pokémon. Iris
83%
J Pokémon ayant le pouvoir de réaliser des vœux. Jirachi
83%
R Dresseur légendaire. Red
81%
Z Pokémon légendaire à reconstituer en cherchant ses cellules. Zygarde
81%
H Région d’origine de Flora. Hoenn
79%
V Statistique qui permet de mesurer la rapidité du Pokémon. Vitesse
79%
C Lugulabre en est inspiré. Candélabre
78%
O Championne de l'arène d'Azuria. Ondine
78%
X Pokémon oiseau ressemblant à un totem. Xatu
71%
P Famille de Pokémon venant du passé ou du futur découverte à Paldea. Paradoxe
57%
U Spin-off de type MOBA. Unite
57%
E Talent qu'on retrouve généralement sur les Pokémon de départ de type plante. Engrais
53%
T Mécanique permettant à un Pokémon de changer de type. Téracristallisation
52%
Q Primate fan de rugby. Quartermac
50%
K Professeure Pokémon qui habite à Renouet. Keteleeria
43%
B Capacité signature de Pijako. Babil
40%
F Fabrique des Pokéball à base de noigrume. Fargas
40%
W Baie qui soigne le Gel. Willia
38%
Y Ville de la région de Kalos abritant l'arène de type combat. Yantreizh
33%
Aucun quiz correspondant
Distribution des résultats
% des personnes avec chaque résultat
Percentile par nombre de réponses
Votre historique - résultats
Vous n’avez pas pris ce quiz